Memorias : SOMI XII Congreso de Instrumentación /

Guardado en:
Bibliografiske detaljer
Institution som forfatter: Congreso de Instrumentación San Luis Potosí, S. L. P., México
Format: Procedimiento de la conferencia Bog
Sprog:spansk
Fag:
Tags: Tilføj Tag
Ingen Tags, Vær først til at tagge denne postø!

MARC

LEADER 00000nam^a2200000^a^4500
001 000364272
005 20250624000000.0
009 20260310115611.676
037 |a Acervo ITESO - Biblioteca 
041 |a ESP 
082 |a 620. 00284  |b CON 
111 |a Congreso de Instrumentación  |n 12o :  |d 1997 :  |c San Luis Potosí, S. L. P., México) 
245 1 0 |a Memorias :  |b SOMI XII Congreso de Instrumentación / 
264 |a San Luis Potosí, México :  |b Sociedad Mexicana de Instrumentación,  |c 1997 
300 |a X, 762 p. 
336 |a texto  |b txt  |2 rdacontenido 
337 |a sin mediación  |b n  |2 rdamedio 
338 |a volumen  |b nc  |2 rdasoporte 
649 |a XX 
650 |a Redes Neurales 
650 |a Sensores 
650 |a Pesas y Medidas 
650 |a Controladores Programables 
650 |a Control Automático 
650 |a Control Electrónico 
650 |a Control -  |x Teoría 
650 |a Automatización 
650 |a Telecomunicaciones 
650 |a Optica 
650 |a Mecánica 
650 |a Electrónica -  |x Equipo y Aparatos 
650 |a Astronomía -  |x Equipo y Aparatos 
650 |a Geofísica 
650 |a Ingeniería Acústica 
650 |a Ingeniería Nuclear 
650 |a Ingeniería Electrónica 
650 |a Ingeniería Biomédica 
650 |a Ingeniería -  |x Equipo y Aparatos -  |x Tema Principal 
650 |a Ingeniería -  |x Congresos 
910 |a Fondo General 
920 |a Impresos - Libros 
930 |a Colección General 
905 |a 101 
901 |a 0500257836  |b IT1  |c ACC  |d DT  |i D64383  |u 20250624 
902 |a https://opac.biblio.iteso.mx/vufind/Record/000364272